| 000 | 01231cam a2200325 i 4500 | ||
|---|---|---|---|
| 001 | 18728899 | ||
| 003 | OSt | ||
| 005 | 20240219124208.0 | ||
| 008 | 150804s2016 nyu b 001 0 eng | ||
| 010 | _a 2015027889 | ||
| 020 | _a9781138843158 (hardback : alk. paper) | ||
| 020 | _a9781138843165 (pbk. : alk. paper) | ||
| 020 | _z9781315731117 (ebook) | ||
| 040 |
_aDLC _beng _cDLC _erda _dDLC |
||
| 042 | _apcc | ||
| 050 | 0 | 0 |
_aNA2542.4 _b.Y39 2016 |
| 082 | 0 | 0 |
_a720.47 _223 _bYIA |
| 100 | 1 |
_aYiannoudes, Socrates, _eauthor. _9120711 |
|
| 245 | 1 | 0 |
_aArchitecture and adaptation : _bfrom cybernetics to tangible computing / _cSocrates Yiannoudes. |
| 260 |
_aLondon: _bRoutledge; _c2016. |
||
| 300 |
_axiii, 231 pages ; _c25 cm |
||
| 504 | _aIncludes bibliographical references (pages 205-224) and index. | ||
| 650 | 0 |
_aArchitecture _xHuman factors. _931857 |
|
| 650 | 0 |
_aArchitecture and technology. _99481 |
|
| 650 | 0 |
_aSmart materials in architecture. _934347 |
|
| 650 | 0 |
_aArchitecture _xTechnological innovations. _99483 |
|
| 906 |
_a7 _bcbc _corignew _d1 _eecip _f20 _gy-gencatlg |
||
| 942 |
_2ddc _cBK _aSADA _k720.47 YIA 2016 |
||
| 999 |
_c607849 _d607849 |
||